Pakistan Army Journal 1994 (vol.iii) (Record no. 196037)
[ view plain ]
| 000 -LEADER | |
|---|---|
| fixed length control field | 00317 a2200133 4500 |
| 003 - CONTROL NUMBER IDENTIFIER | |
| control field | Nust |
| 005 - DATE AND TIME OF LATEST TRANSACTION | |
| control field | 20170207154234.0 |
| 040 ## - CATALOGING SOURCE | |
| Transcribing agency | Nust |
| 082 ## - DEWEY DECIMAL CLASSIFICATION NUMBER | |
| Classification number | 050 |
| 100 ## - MAIN ENTRY--PERSONAL NAME | |
| Personal name | Lt Col Ghulam Jelani Khan |
| 245 ## - TITLE STATEMENT | |
| Title | Pakistan Army Journal 1994 (vol.iii) |
| Statement of responsibility, etc. | Lt Col Ghulam Jelani Khan |
| 260 ## - PUBLICATION, DISTRIBUTION, ETC. | |
| Place of publication, distribution, etc. | Rawalpindi |
| Name of publisher, distributor, etc. | GHQ |
| Date of publication, distribution, etc. | 1994 |
| 300 ## - PHYSICAL DESCRIPTION | |
| Extent | 124p; |
| 942 ## - ADDED ENTRY ELEMENTS (KOHA) | |
| Koha item type | |
| Withdrawn status | Lost status | Source of classification or shelving scheme | Damaged status | Not for loan | Collection code | Permanent Location | Current Location | Date acquired | Total Checkouts | Full call number | Barcode | Date last seen | Price effective from | Koha item type |
|---|---|---|---|---|---|---|---|---|---|---|---|---|---|---|
| Military College of Signals (MCS) | Military College of Signals (MCS) | 12/12/2016 | 050 KHA | MCSNT-36/123 | 12/08/2016 | 12/12/2016 | Book |
